00445nam a2200169Ia 4500008004100000020001500041041000800056082001800064100002300082245004200105260005300147300000800200365001100208650000800219650002800227650002000255140306s9999 xx 000 0 und d a8125910735 aeng a658.3bARI/CO aArindam, Chaudhuri aCount your chickens before they hatch aNew DelhibVikas Publishing House Pvt .Ltdc2002 a192 bRs.225 aHRM aPersonality development aSelf motivation